Sports Quiz

Random Sports or Cricket Quiz

England Test Cricket Players Quiz Stats

 Plays Quiz Updated Aug 31, 2019

Score 0/120 Timer 10:00
17 Plays Today
Matches Player % Correct
161Alastair Cook
95%
149James Anderson
92.2%
100Andrew Strauss
91.4%
104Kevin Pietersen
90.7%
118Ian Bell
89.9%
73Andrew Flintoff
89.5%
18Simon Jones
86.8%
34Geraint Jones
86.7%
130Stuart Broad
86.4%
4Toby Roland-Jones
86.2%
84Joe Root
84.9%
80Michael Vaughan
83.7%
60Graeme Swann
83.5%
76Marcus Trescothick
83.2%
79Matt Prior
82.3%
60Moeen Ali
80.2%
62Steve Harmison
80.1%
2Jofra Archer
79.6%
4Jason Roy
78.6%
1Kabir Ali
78.4%
67Matthew Hoggard
78.2%
6Joe Denly
76.2%
51Nasser Hussain
75.8%
10Rory Burns
75.3%
68Paul Collingwood
75.2%
50Monty Panesar
74.8%
67Jonny Bairstow
74.3%
52Jonathan Trott
73.6%
55Ben Stokes
73.2%
53Ashley Giles
72.3%
40Alec Stewart
70%
22Mike Atherton
70%
34Jos Buttler
69.4%
10Sam Curran
68.2%
2Tom Curran
68.1%
19Adil Rashid
66.1%
24Darren Gough
64.6%
17Keaton Jennings
64.1%
43Graham Thorpe
63.8%
36Steven Finn
62.6%
Matches Player % Correct
3Ed Smith
61.5%
30Chris Woakes
61.1%
4Jake Ball
60.9%
34Andy Caddick
58%
16Eoin Morgan
57.2%
5Ben Foakes
56.2%
7Adam Lyth
55.9%
46Mark Butcher
55.6%
23Gary Ballance
55.3%
11Alex Hales
54.8%
12Chris Tremlett
54.4%
7Jack Leach
53.4%
13Mark Wood
53.4%
22Ryan Sidebottom
53.3%
14Mark Ramprakash
52.7%
13Ravi Bopara
52.5%
16Nick Compton
51.9%
1Olly Stone
50.8%
6Michael Carberry
50.2%
23Tim Bresnan
49.2%
13Liam Plunkett
47.9%
11Graeme Hick
47.9%
15Rob Key
47.3%
11Mark Stoneman
46.7%
3Haseeb Hameed
46.3%
7James Taylor
46%
7Sam Robson
46%
13James Vince
45.8%
9Graham Onions
45.6%
15Dawid Malan
45.1%
12Chris Read
44.9%
3Craig Overton
41.2%
11Tim Ambrose
40%
10Dominic Cork
39.2%
8Chris Jordan
39.1%
2Phil Tufnell
39%
7James Foster
38.3%
2Dominic Bess
38.2%
2Ollie Pope
38.2%
6Owais Shah
37.8%
Matches Player % Correct
1Darren Pattinson
36.7%
1Simon Kerrigan
36.1%
6Samit Patel
36.1%
22Craig White
36%
8Sajid Mahmood
35.4%
3Liam Dawson
35.1%
9Gareth Batty
34.4%
5Nick Knight
34.1%
5Tom Westley
34%
1Scott Borthwick
33.2%
1Mason Crane
33.1%
2James Tredwell
33%
1Boyd Rankin
32.8%
6Robert Croft
31.3%
1Jon Lewis
30.1%
4Ben Duckett
29.8%
4Shaun Udal
29.6%
3Richard Johnson
29.4%
7Alex Tudor
29%
5Ian Ward
28.4%
7Richard Dawson
28.3%
3Zafar Ansari
28%
8John Crawley
27.6%
1Amjad Khan
27.2%
2Alan Mullally
24.9%
3Usman Afzaal
22.7%
1Ajmal Shahzad
22.5%
4James Kirtley
22.3%
2Martin Bicknell
22.2%
2Rikki Clarke
21.7%
1Ian Blackwell
21.1%
3Ian Salisbury
20.8%
2Chris Adams
20.6%
2Chris Schofield
20.2%
4Anthony McGrath
20.2%
3Chris Silverwood
19%
3Ed Giddins
17.9%
2Jimmy Ormond
17.5%
3Martin Saggers
16.5%
1Darren Maddy
16.1%

You're not logged in!

Compare scores with friends on all Sporcle quizzes.
OR
Log In

Sporcle TV

Today on Sporcle TV


Watch our educational content, quiz creation guides, and fun videos on Sporcle TV.

Show Comments

Extras

Top Quizzes Today


Score Distribution

Your Account Isn't Verified!

In order to create a playlist on Sporcle, you need to verify the email address you used during registration. Go to your Sporcle Settings to finish the process.

Report this User

Report this user for behavior that violates our Community Guidelines.

Details: